A Survey of Virashaiva Religion And Literature/ (Record no. 187975)

MARC details
000 -LEADER
fixed length control field 00552nam a22001817a 4500
005 - DATE AND TIME OF LATEST TRANSACTION
control field 20220506115840.0
010 ## - LCCN (DPL NO)
LC control number ENG-132538
020 ## - INTERNATIONAL STANDARD BOOK NUMBER
International Standard Book Number 9788192580838
Terms of availability 450.00
035 ## - SYSTEM CONTROL NUMBER
System control number EN-116070
037 ## - SOURCE OF ACQUISITION
Source of stock number/acquisition DBAD/PUB
082 ## - DEWEY DECIMAL CLASSIFICATION NUMBER
Classification number 294.5513
100 ## - MAIN ENTRY--PERSONAL NAME
Personal name Chandrashekharaiah
245 ## - TITLE STATEMENT
Title A Survey of Virashaiva Religion And Literature/
Statement of responsibility, etc Chandrashekharaiah
260 ## - PUBLICATION, DISTRIBUTION, ETC. (IMPRINT)
Place of publication, distribution, etc Mysore
Name of publisher, distributor, etc Samvahana
Date of publication, distribution, etc 2013
270 ## - ADDRESS
Address #12/1, Behind Evening Bazaar Shivarampet
City Mysore
Postal code 570001
300 ## - PHYSICAL DESCRIPTION
Extent 542p.
Dimensions 22cm(hbk)
942 ## - ADDED ENTRY ELEMENTS (KOHA)
Source of classification or shelving scheme Dewey Decimal Classification
Item type English Books
Classification part 294.5513
Call number suffix CHA
Holdings
Withdrawn status Lost status Not for loan Collection code Home library Current library Date acquired Source of acquisition Cost, normal purchase price Full call number Barcode Copy number Cost, replacement price Koha item type
      Non-fiction Patel Nagar Patel Nagar 06/05/2022 DBAD/PUB 450.00 294.5513 CHA EN-116070 1 450.00 English Books

© Delhi Public Library
Hit Counter
free hit counter